|
|
|
|
| LEADER |
00000nab a2200000 ar4500 |
| 001 |
vtls010113482 |
| 003 |
SK-MaSNL |
| 005 |
20260311224426.0 |
| 008 |
100709|2009 xo |||||||||||||| ||slo |
| 015 |
|
|
|a SNBRA2010/07
|2 snkbucl
|
| 038 |
|
|
|a SNKBUCL
|
| 040 |
|
|
|a SNKBUCL
|b slo
|e AACR2
|c SNKBUCL
|
| 041 |
1 |
|
|a slo
|b ger
|
| 044 |
|
|
|a xo
|c SK
|
| 080 |
|
|
|a 94(437)"1918"
|2 2001
|
| 080 |
|
|
|a 94(438)"1918"
|2 2001
|
| 080 |
|
|
|a 94(436)"1918"
|2 2001
|
| 080 |
|
|
|a 913(1-192)
|x (437.6)
|x (438)
|x "1918"
|2 2001
|
| 080 |
|
|
|a 341
|2 2001
|
| 100 |
1 |
|
|a Jakubec, Pavol,
|d 1983-
|4 aut
|9 151130
|
| 245 |
1 |
0 |
|a Rozpad Habsburgskej monarchie a počiatky československo-poľského sporu o priebeh hraničnej čiary na Spiši
|c Pavol Jakubec
|
| 504 |
|
|
|a Bibliogr. odkazy
|
| 546 |
|
|
|a Res. nem.
|
| 648 |
|
7 |
|a 1918
|2 snkbucl
|9 280681
|
| 648 |
|
7 |
|a 1867-1918
|2 SNK
|9 314822
|
| 650 |
0 |
7 |
|a štátne hranice
|2 sbkbucl
|9 2228
|
| 650 |
0 |
7 |
|a pohraničie
|2 snkbucl
|9 66671
|
| 651 |
|
7 |
|a Spiš (Slovensko : región)
|2 snkbucl
|9 17692
|
| 651 |
|
7 |
|a Československo
|2 snkbucl
|9 21376
|
| 651 |
|
7 |
|a Poľsko
|2 snkbucl
|9 16755
|
| 651 |
|
7 |
|a Rakúsko
|2 SNKPHgeo
|9 18533
|
| 655 |
|
7 |
|a štúdie
|2 snkbucl
|9 57033
|
| 773 |
0 |
|
|t Z minulosti Spiša XVII
|d Levoča : Spišský dejepisný spolok, 2009
|g S. 229-248
|z 9788096945641
|
| 852 |
|
|
|a SNK
|b KIS3GCP
|
| 958 |
|
|
|a NB
|
| 958 |
|
|
|a PL
|
| 999 |
|
|
|c 3259089
|d 3261019
|